000 00957nam a2200265 4500
005 20110901144018.0
008 710924r19691859ii b 000 0 eng
010 _aG-001320
020 _a9788190583602
_c200.00
035 _aG-001320
037 _bGift
040 _adpl
_bEnglish
082 _a954.083
100 _aMukherjee, Sambhu Chandra,
_934089
245 _aThe mutinies and the people /
_cby Sambhu Chandra Mukherjee; an introduction by Hiten Nag
260 _aKolkata
_bKatha
_c2008
270 _aE4, Ramgarh,
_bKolkata
_e700047
300 _a210p.
_c22cm (Hb)
500 _aIncludes index
651 _aIndia
_xHistory
_ySepoy Rebellion, 1857-1858.
_934090
700 _aNag, Hiten
_934091
942 _2ddc
_cEN
_mMUK
_h954.083
999 _c56159
_d56159